The cat in the hat comes back
| Main Author: | |
|---|---|
| Format: | Book |
| Published: |
UK :
HarperCollins childrens books ,
2011
|
| Subjects: |
MARC
| LEADER | 00000cam a2200000 7i4500 | ||
|---|---|---|---|
| 001 | 0000034544 | ||
| 005 | 20151222.0 | ||
| 008 | 121004 | ||
| 020 | |a 0007355556 | ||
| 090 | 0 | 0 | |a JF |b ENG |
| 100 | 1 | |a Dr. Seuss | |
| 245 | 1 | 0 | |a The cat in the hat comes back |c Dr. Seuss |
| 260 | |a UK : |b HarperCollins childrens books , |c 2011 | ||
| 500 | |a Children ages 7-9 years old (orange) | ||
| 650 | 0 | |a Cat in the hat (fictitious character) |x pictorial works |x juvenile fiction | |
| 999 | |a 0001158221 |b Book |c Children Collection |e Cawangan Mersing | ||